000 01739nam a22004577a 4500
001 000096702
003 CHAP
005 20220329143208.0
008 061215d2006 mx r 00110 spa d
010 _a93168
011 _a94140
035 _a104724
040 _cCHAP
090 _aTesis
100 1 _aLópez Robles, Edwin.
_968280
245 1 0 _aEstudio de factibilidad técnica económica y mercadológica para establecer una empacadora de mango (Mangifera indica L.) en el municipio de Santo Domingo Zanatepec, Oaxaca /
_c/por Edwin López Robles y Almadalia Velasco Hernández.
260 _aChapingo, Méx. :
_bEl autor,
_c2006.
300 _a78 h. :
_banexos.
502 _aTesis (Ing. Agroindustrial) - - UACH. Departamento de Ingeniería Agroindustrial
590 _aALEPH
_b10
_c20130110
_lUCH01
_h1515
590 _aBATCH-UPD
_b10
_c20130110
_lUCH01
_h0800
590 _aBATCH-UPD
_b10
_c20130410
_lUCH01
_h0439
590 _aBATCH-UPD
_b10
_c20130914
_lUCH01
_h1301
590 _aBATCH-UPD
_b10
_c20140324
_lUCH01
_h1500
590 _aBATCH-UPD
_b10
_c20141002
_lUCH01
_h0832
590 _aCONVERSION
_b10
_c20130109
_lUCH01
_h1352
590 _aE792CSJ
_b10
_c20130531
_lUCH01
_h1047
650 1 4 _aEmpacadoras.
_936537
650 1 4 _aEstudios de factibilidad.
_938520
650 1 4 _aMango
_xEmpaque.
_970409
650 1 4 _aMango
_xMercadeo.
_970434
650 1 4 _aMango
_zOaxaca.
_970461
700 1 _aVelasco Hernández, Almadalia.
_9118397
856 _3Finding aid
_uhttp://10.13.5.2/tesis/104724.pdf
_zTeclea aquí
901 _aBK
905 _aLilia
942 _cCD
942 _n0
949 _aTesis
_bBC
_cTES
_d33724002011470
_eTS2
_fc.2
_h46181
_i104724
_si
949 _aTesis
_bBC
_cTES
_d33724002011512
_eTS1
_h46180
_i104724
_sb
999 _c93168
_d93168